Principales obligaciones medioambientales para la pequeą y mediana empresa

Detalles Bibliográficos
Autor principal: Fernǹdez Garca̕, Ricardo
Formato: eBook
Lenguaje:español
Publicado: Alicante : Editorial Club Universitario, 2013
Materias:
Acceso en línea:http://www.vlex.com/source/7056

MARC

LEADER 00000nam a22000007a 4500
005 20130222121930.0
007 cr|||| ||||
008 130222e2013 sp |||||s|||| 00||0 spa d
020 |a 978-84-9948-944-5 
035 |a 7056 
040 |a vLex 
090 |c 3725  |d 3725 
100 1 0 |a Fernǹdez Garca̕, Ricardo  
245 1 0 |a Principales obligaciones medioambientales para la pequeą y mediana empresa  |h [Recurso electrn̤ico] 
256 |a Servicio en ln̕ea 
260 |a Alicante :   |b Editorial Club Universitario,   |c 2013 
300 |a 1 Recurso electrn̤ico 
650 0 4 |a Derecho del medio ambiente  |z Espaą 
650 0 4 |a Empresa 
740 |a vLex Libros (Servicio en ln̕ea) 
856 |a Acceso restringido  |u http://www.vlex.com/source/7056 
942 |c BOOK 
999 0 |a Environmental law